000 00894nam a2200265 i 4500
001 bg
100 1 _aGAJ, Krzysztof
245 1 0 _aSzyfr Enigmy :
_bmetody złamania /
_cKrzysztof Gaj.
260 _aWarszawa :
_bWydawnictwa Komunikacji i Łączności,
_c1989.
300 _a183 s. [2] k. tabl. złoż. luz. :
_brys. ;
_c21 cm.
504 _aBibliogr. s. 161.
650 9 _aEnigma (maszyna szyfrująca)
650 9 _aSzyfry
650 9 _aKombinatoryka
650 9 _aWywiad
_xhistoria
_zNiemcy
_y20 w.
650 9 _aWywiad
_xhistoria
_zPolska
_y20 w.
020 _a8320607930
040 _cBPK
041 0 _apl
080 _a003.26+519.1]"19"(091):[94(438).081/.082:94(430)"19"]::327.84
920 _a83-206-0793-0
942 _cKS
008 s pl f |000 0 pol
856 _uhttp://koha.tu.koszalin.pl/cgi-bin/koha/opac-detail.pl?biblionumber=39284
_yKatalog online BPK
999 _c39284
_d39284